| 000 | 00695cam a22002531 4500 | ||
|---|---|---|---|
| 001 | sa 68015198 | ||
| 003 | DLC | ||
| 005 | 20260227112641.0 | ||
| 008 | 900108s1967 ce b 000 0 sino | ||
| 010 | _asa 68015198 | ||
| 035 | _a(OCoLC)20860633 | ||
| 040 |
_aDLC _cWaU _dDLC |
||
| 042 | _apremarc | ||
| 050 | 0 | 0 |
_aJC273 _b.P73 |
| 100 | 1 | _aPremaratna, S. W. | |
| 245 | 1 | 0 | _aRajaya sahā dēśapālana samājaya. |
| 260 | _c[1967] | ||
| 300 |
_aiii, 99, ii p. _c19 cm. |
||
| 500 | _aadded t.p.: The state and the political society. | ||
| 500 | _aIn Sinhalese. | ||
| 504 | _aBibliography: p. [i]-i (last group) | ||
| 650 | 0 | _aState, The. | |
| 740 | 0 | _aState and the political society. | |
| 999 |
_c86301 _d86301 |
||